| 000 -CABECERA |
| fixed length control field |
01136nam a22002057a 4500 |
| 003 - IDENTIFICADOR DEL NÚMERO DE CONTROL |
| control field |
AR-CdUCM |
| 008 - DATOS DE LONGITUD FIJA--INFORMACIÓN GENERAL |
| fixed length control field |
190328b ||||| |||| 00| 0 spa d |
| 040 ## - FUENTE DE LA CATALOGACIÓN |
| Agencia/entidad que catalogó originalmente la obra |
MUNICIPALIDAD PROVINCIAL DEL CUSCO |
| Entidad que transcribió la catalogación |
BIBLIOTECA MUNICIPAL DEL CUSCO |
| 082 ## - NÚMERO DE LA CLASIFICACIÓN DECIMAL DEWEY |
| No. de Clasificación |
C / 379.84 / |
| Notacion interna |
A78P |
| 100 ## - ENTRADA PRINCIPAL--NOMBRE DE PERSONA |
| Nombre Personal |
Arze, Jose Antonio |
| 245 ## - MENCIÓN DE TÍTULO |
| Título |
Proceso de la Educacion Boliviana / |
| 260 ## - PUBLICACIÓN, DISTRIBUCIÓN, ETC. |
| Lugar de publicación, distribución, etc. |
Bolivia : |
| Nombre de la editorial, distribuidor, etc. |
Oficina de Informaciones de ka G. Camara de Diputados , |
| Fecha de publicación, distribución, etc. |
1947. |
| 300 ## - DESCRIPCIÓN FÍSICA |
| Nº de Páginas Extensión |
73 páginas ; |
| Material acompañante |
2 mapas conceptuales. |
| 505 ## - NOTA DE CONTENIDO CON FORMATO |
| Nota de contenido formateada |
Contenido : La educacion en la sociedad Incaica -- La educacion en la sociedad Colonial -- La educacion en la epoca Republicana -- Panorama de la Educaicon Bolviana en 1947 -- El futuro de la educacion boliviana y los ideales pedagogicos de la Izquierda -- ¿Que hacer para transformar nuestro sistema educativo? -- Estatuto de Educacion de 1874 -- Estatuto de Educacion de 1930 -- Diagrama de un posible ministerio de educacion publica en Bolivia... |
| 650 ## - PUNTO DE ACCESO ADICIONAL DE MATERIA--TÉRMINO DE MATERIA |
| Descriptor |
Reforma Educativa Boliviana |
| 9 (RLIN) |
26212 |
| 650 ## - PUNTO DE ACCESO ADICIONAL DE MATERIA--TÉRMINO DE MATERIA |
| Descriptor |
Pedagogia Boliviana |
| 9 (RLIN) |
26213 |
| 650 ## - PUNTO DE ACCESO ADICIONAL DE MATERIA--TÉRMINO DE MATERIA |
| Descriptor |
Educacion en Bolivia |
| 9 (RLIN) |
26214 |
| 942 ## - ELEMENTOS DE PUNTO DE ACCESO ADICIONAL (KOHA) |
| Fuente de clasificación |
|
| Tipo de item |
Libros-BMC |
| 945 ## - PROCESAMIENTO DE INFORMACIÓN LOCAL (OCLC) |
| Catalogador |
rtm |